000
00168nam a2200073Ia 4500
008
170817s9999 xx 000 0 und d
100
_a
BHRAT BHUSAN
245
0
_a
REFORMS POLICIES
260
_b
COSMO PUB.
999
_c
36751
_d
36751